• 首页
  • 本馆介绍
  • 公告通知
  • 最新文献
  • 馆藏检索
  • 电子资源
  • 读者导购
  • 参考咨询
  • 我的图书馆
  • 登录
  • 详细信息显示
  • 放入我的书架
  • 预约/预借图书
  • 作者相关作品
  • 分类相关作品
  • 丛书相关作品
  • 出版社相关作品

书目信息

  • 表格格式
  • 工作单格式
  • 卡片格式
题名:
形而上学的逻辑基础
    
 
作者: 杜麦特 著 ;任晓明 , 李国山 译
分册:  
出版信息: 北京   中国人民大学出版社  2004
页数: 10,339页
开本: 23cm
丛书名: 当代世界学术名著
单 册:
中图分类: B561.59
科图分类:
主题词: 达米特,M.--逻辑--哲学思想
电子资源:
ISBN: 7-300-06191-5
000 01120nam0 2200289 450
001 TS-142440
005 20070119100420.17
010    @a7-300-06191-5@dCNY33.00
100    @a20060829d2004 kemy0chiy0110 ea
101 1  @achi@ceng
102    @aCN@b110000
105    @aa z 001yy
200 1  @a形而上学的逻辑基础@AXing Er Shang Xue De Luo Ji Ji Chu@f(英)迈克尔·达米特(Michael Dummett)著@F( Ying ) Mai Ke Er· Da Mi Te (Michael Dummett) Zhu@g任晓明,李国山译
210    @a北京@c中国人民大学出版社@d2004
215    @a10,339页@d23cm
225 2  @a当代世界学术名著@i哲学系列
305    @a哈佛大学出版社授权出版
330    @a本书是达米特的代表性著作,系统反映了达米特的哲学思想全貌,全面阐述了意义、真与反实在论等问题。
462  0 @12001 @a哲学系列
510 1  @aThe Logical Basis of Metaphysics@zeng
606 0  @a达米特,M.@x逻辑@x哲学思想
690    @aB561.59@v4
701  0 @c(英)@a杜麦特@ADu Mai Te@c(Dummett, Michael Antony Eardley@f1925~)@4著
702  0 @a任晓明@ARen Xiao Ming@f(1953~)@4译
702  0 @a李国山@ALi Guo Shan@c(哲学)@4译
801  0 @aCN@b中图数据@c20070119
905    @a10447@dB561.59@e32
    
    形而上学的逻辑基础/(英)迈克尔·达米特(Michael Dummett)著/任晓明,李国山译.-北京:中国人民大学出版社,2004
    10,339页;23cm.-(当代世界学术名著.哲学系列)
    
    
    ISBN 7-300-06191-5:CNY33.00
    本书是达米特的代表性著作,系统反映了达米特的哲学思想全貌,全面阐述了意义、真与反实在论等问题。
●
相关链接 在E读中查询图书 在五车中查询图书 在当当中查询图书 在豆瓣中查询图书


正题名:形而上学的逻辑基础     索取号:B561.59/32         预约/预借

序号 登录号 条形码 馆藏地/架位号 状态 备注
1 0619076   206190762   第一样本阅览室/ [索取号:B561.59/32] 在馆    
2 0619077   206190771   第一借阅区/ [索取号:B561.59/32] 在馆    
3 0619078   206190780   第一借阅区/ [索取号:B561.59/32] 在馆    
4 0619079   206190799   第一借阅区/ [索取号:B561.59/32] 在馆    
5 0619080   206190806   第一借阅区/ [索取号:B561.59/32] 在馆    
唐山师范学院图书馆 欢迎您!
大连网信软件有限公司© 版权所有